| Tag |
First Indicator |
Second Indicator |
Subfields |
| LEADER |
00000cam a2200000 a 4500 |
| 001 |
in00002781361 |
| 005 |
20211120170018.0 |
| 006 |
m o d f |
| 007 |
cr bn||||||||| |
| 008 |
120910s2012 dcu o f000 0 eng c |
| 035 |
|
|
|a (OCoLC)ocn809550035
|
| 040 |
|
|
|a GPO
|c GPO
|d GPO
|d OCLCQ
|d GPO
|d MvI
|d UtOrBLW
|
| 042 |
|
|
|a pcc
|
| 043 |
|
|
|a nwcu---
|a n-us---
|
| 049 |
|
|
|a WWW
|
| 050 |
1 |
4 |
|a KF27
|b .F6492 2012a
|
| 074 |
|
|
|a 1017-C-07 (online)
|
| 086 |
0 |
|
|a Y 4.F 76/1:112-158
|
| 088 |
|
|
|a Serial no. 112-158 (United States. Congress. House. Committee on Foreign Affairs)
|
| 110 |
1 |
|
|a United States.
|b Congress.
|b House.
|b Committee on Foreign Affairs.
|b Subcommittee on the Western Hemisphere (2007- )
|
| 245 |
1 |
0 |
|a Cuba's global network of terrorism, intelligence, and warfare :
|b hearing before the Subcommittee on the Western Hemisphere of the Committee on Foreign Affairs, House of Representatives, One Hundred Twelfth Congress, second session, May 17, 2012.
|
| 264 |
|
1 |
|a Washington :
|b U.S. G.P.O.,
|c 2012.
|
| 300 |
|
|
|a 1 online resource (iii, 43 pages)
|
| 336 |
|
|
|a text
|b txt
|2 rdacontent
|
| 337 |
|
|
|a computer
|b c
|2 rdamedia
|
| 338 |
|
|
|a online resource
|b cr
|2 rdacarrier
|
| 500 |
|
|
|a Title from title screen (viewed on Sept. 10, 2012).
|
| 500 |
|
|
|a Paper version available for sale by the Supt. of Docs., U.S. G.P.O.
|
| 500 |
|
|
|a "Serial number 112-158."
|
| 500 |
|
|
|a Electronic resource.
|
| 650 |
|
0 |
|a Espionage, Cuban
|z United States.
|
| 650 |
|
0 |
|a Intelligence service
|z Cuba.
|
| 650 |
|
0 |
|a State-sponsored terrorism
|z Cuba.
|
| 651 |
|
0 |
|a United States
|x Foreign relations
|z Cuba.
|
| 651 |
|
0 |
|a Cuba
|x Foreign relations
|z United States.
|
| 650 |
|
0 |
|a Intelligence service
|z United States.
|
| 776 |
0 |
8 |
|i Print version:
|a United States. Congress. House. Committee on Foreign Affairs. Subcommittee on the Western Hemisphere (2007- ).
|t Cuba's global network of terrorism, intelligence, and warfare
|w (DLC) 2012518805
|w (OCoLC)814033720
|
| 776 |
0 |
8 |
|i Microfiche version:
|a United States. Congress. House. Committee on Foreign Affairs. Subcommittee on the Western Hemisphere (2007- ).
|t Cuba's global network of terrorism, intelligence, and warfare
|w (OCoLC)825829338
|
| 856 |
4 |
0 |
|u https://purl.fdlp.gov/GPO/gpo27931
|t 0
|
| 999 |
|
|
|a MARS
|
| 999 |
f |
f |
|s 783ee952-1d69-3438-b4a8-c7834e2ecf53
|i c07b010c-6562-30dc-b378-edd28403994f
|t 0
|
| 952 |
f |
f |
|a Texas A&M University
|b College Station
|c Electronic Resources
|d Available Online
|t 0
|e Y 4.F 76/1:112-158
|h Superintendent of Documents classification
|
| 998 |
f |
f |
|a Y 4.F 76/1:112-158
|t 0
|l Available Online
|